00987cam a22003134a 45000010005000000030006000050050017000110080041000280100017000690200036000860200033001220200025001550200022001800350024002020400050002260500023002760820018002991000015003172450029003322600035003613000046003964900029004425050007004715200096004785210018005745210018005926500033006108300030006431776FISKH20231002140952.0110728s2012 nyua j b 001 0 eng  a 2011030956 a9780531208571 (library binding) a0531208575 (library binding) a9780531209264 (pbk.) a0531209261 (pbk.) a(OCoLC)ocn745428758 aDLCcDLCdBTCTAdBDXdMLYdZQPdJP3dDLCbeng00aGV881.5b.M33 201200a796.357/82231 aMara, Wil.10aTee Ball /cby Wil Mara. aNew York :bScholastic,c2012. a32 pages :bcolor illustrations ;c19 cm.1 aRookie read about sports aH  aExplains the basic rules of tee ball and includes tips on good sportsmanship and nutrition.8 a410 bLexile 8 aH bRaz-Plus  0aT-ballvJuvenile literature. 0aRookie read-about sports.